Slurs for robots - Statistics

General Stats
  • This quiz has been taken 230 times
  • The average score is 2 of 5
Answer Stats
Hint Answer % Correct
The hard R Clanker
100%
Soft way Clanka
44%
The group that hates andhunts robots. Similar to KK CCC
15%
Hating on the insides copper veined
2%
the circulation on the inside oil blooded/coolant breather
2%
No matching quizzes found
Score Distribution
Percent of People with Each Score
Percentile by Number Answered
Your Score History
You have not taken this quiz